Các Mác và chủ nghĩa xã hội khoa học

Báo cáo khoa học tại Hội nghị khoa học: "Các Mác và thời đại của chúng ta" nhân kỷ niệm lần thứ 165 ngày sinh Các Mác và lần thứ 100 ngày Các Mác qua đời về quan hệ của Các Mác và chủ nghĩa xã hội khoa học

Сохранить в:
Библиографические подробности
Главный автор: Hồng Long
Формат:
Язык:Vietnamese
Опубликовано: H. Thông tin lý luận 1983
Предметы:
Метки: Добавить метку
Нет меток, Требуется 1-ая метка записи!
Thư viện lưu trữ: Mạng thư viện Đại học Đà Nẵng
LEADER 01057nam a22003018a 4500
001 000008182
003 4366
005 20111014101029.0
008 111014s1983 b 000 0 vieod
020 |c 1,50đ  |d 7200b 
041 0 |a vie 
084 |a A333:7/8  |b C101M 
100 1 |a Hồng Long 
245 1 0 |a Các Mác và chủ nghĩa xã hội khoa học  |c Hồng Long 
260 |a H.  |b Thông tin lý luận  |c 1983 
300 |a 23tr  |c 19cm 
500 |a ĐTTS ghi: Viện Mác-Lênin 
520 |a Báo cáo khoa học tại Hội nghị khoa học: "Các Mác và thời đại của chúng ta" nhân kỷ niệm lần thứ 165 ngày sinh Các Mác và lần thứ 100 ngày Các Mác qua đời về quan hệ của Các Mác và chủ nghĩa xã hội khoa học 
653 |a Chủ nghĩa xã hội khoa học 
653 |a Mác, Các 
OWN |a LSP 
999 |a From the UDN01 
TYP |a Monograph 
TYP |a Printed language 
980 |a Mạng thư viện Đại học Đà Nẵng